01587nam a2200217Ia 4500001001300000003001000013008004100023040002500064041000700089100002200096245006200118250001100180260004400191300001200235500087100247650005001118942000701168957000601175999003301181952015501214B7085-51692 IT-MiCISF161014s9999||||xx |||||||||||||| ||und|| aIT-MiCISFcIT-MiCISF ait aGuerreschi Cesare 0aLa dipendenza sessualebQuando il sesso può uccidere #  a1a ed. aCinisello Balsamo (MI)bSan Paoloc2011 app. 139 a / dipendenza-patologica, sessualità, terapia, case-studies / Esponenzialmente in crescita negli ultimi anni, la dipendenza sessuale si caratterizza per un progressivo allontanamento dalla realtà, al punto da giungere a vivere una doppia vita. Chi ne soffre sostituisce una relazione malata con il sesso al rapporto sano con le altre persone. La sexual addiction ha poi delle forme "specifiche" e più recenti nella cyber-sex addiction e nella cyber-porn addiction, ovvero le due forme di dipendenza sessuale legate a internet. Ma come inizia la dipendenza? Come si arriva alla malattia? Quali sono le radici remote? Quali le cause della dipendenza e quali le conseguenze? Come si cura? L'A. risponde a queste domande, fornendo esempi concreti di uomini e donne affetti da sexual addiction, analisi, tabelle di autovalutazione e proponendo percorsi terapeutici. a Famiglia nella società / sessualitàe006 cBK 71 a51692bsig1c209894d209894 0010406B_70855169271aCISFbCISFd2016-10-14l0oB7085-51692 r2016-10-14 00:00:00w2016-10-14yBKzData import 15.10.2016 / by Epidotti, Vaglietti